000 00309nam a22001217a 4500
008 160419b xxu||||| |||| 00| 0 eng d
020 _a9780766850125
020 _a9780766850125
041 _aeng
080 _a618.2
245 _aFundamentals of Nursin;
_cSue C.Delaune : Patricia K. Ladner;
942 _2udc
_cBK
999 _c1443
_d1443